Virgin and Martyr (Record no. 56646)

MARC details
000 -LEADER
fixed length control field 00395nam a2200145Ia 4500
008 - FIXED-LENGTH DATA ELEMENTS--GENERAL INFORMATION
fixed length control field 211109s9999||||xx |||||||||||||| ||und||
082 ## - DEWEY DECIMAL CLASSIFICATION NUMBER
Classification number 823
Item number GRE-V
100 ## - MAIN ENTRY--PERSONAL NAME
Personal name Greeley, Andrew M
245 #0 - TITLE STATEMENT
Title Virgin and Martyr
260 ## - PUBLICATION, DISTRIBUTION, ETC.
Name of publisher, distributor, etc. Warner Book
Place of publication, distribution, etc. London
Date of publication, distribution, etc. 1985
300 ## - PHYSICAL DESCRIPTION
Extent 535p.
630 ## - SUBJECT ADDED ENTRY--UNIFORM TITLE
General subdivision General Stack
650 ## - SUBJECT ADDED ENTRY--TOPICAL TERM
Topical term or geographic name entry element English literatures
942 ## - ADDED ENTRY ELEMENTS (KOHA)
Koha item type BOOK
650 ## - SUBJECT ADDED ENTRY--TOPICAL TERM
Form subdivision English fiction
General subdivision English NovelGeneralia
Holdings
Withdrawn status Lost status Damaged status Not for loan Home library Current library Date acquired Cost, normal purchase price Total Checkouts Full call number Barcode Shelving location Date last seen Date last checked out Price effective from Koha item type
        SB LIBRARY SB LIBRARY 09/11/2021 50.00 1 823 GRE-V 00099500 GENERAL STACK 26/07/2022 12/07/2022 09/11/2021 BOOK

Powered by Koha